Регионална библиотека "Любен Каравелов" - Русе

В паметта на хората (Запис номер 181077)

MARC детайли
000 -Лидер
Контролно поле с фиксирана дължина nam a22 a 4500
003 - Код на организацията, давaща контролен номер
Контролно поле BLK
005 - Дата и час на последна редакция
Контролно поле 20221216091751.0
008 - Елементи от данни с фиксирана дължина
fixed length control field 180411b bul|||||r ||||||| ||bul||
010 ## - Наследен системен номер
LC control number KNG00189969000
040 ## - Източник на каталожния запис
Идентификатор на билиотеката - собственик на записа BLK
041 ## - Код за език
Код за езика на текст/звукозапис или на отделно заглавие Български
Код за езика КДБФ Български
080 ## - УДК
Текстов определител УДК Литература на отделни езици и езикови семейства
УДК код - определител по УДК 821
УДК определител -1
УДК - код + определител 821-1
139 ## - Редно поле
Редна дума В паметта на хората
Авторски знак В - В 11
245 10 - Сведения за заглавието
Заглавие В паметта на хората
Подзаглавни данни Сб. стихове за Георги Димитров
Редно поле (дума) ред. кол. Василка Маринова Хинкова; прев. Радой Ралин; рис. Георги Иванов Недялков.
257 ## - Страна на издаване
Страна на създаване/издаване България
260 ## - Област на издателските данни
Име на издателя, разпространителя и проч. Нар. култура
Година на издаване 1981
Място на издаване, разпространение и проч. София
300 ## - Физическа характеристика
Страници 76 с.
Илюстрации и др. с ил.
Размери/Мащаб 25 см
380 ## - Жанр
Жанр Худож. лит.
500 ## - Общи забележки
Забележка Други ред.: Ив. Теофилов, К. Кадийски. - Други прев.: Кр. Станишев, В. Петров, Н. Вълчев, А. Александрова, В. Хинкова, В. Свинтила, Св. Колев, М. Грубешлиева, Н. Стефанова, Д. Овадия, Ив. Генов, А. Муратов, Ат. Далчев, П. Симов, С. Ахилеа, М. Ганчев, Н. Зидаров, В. Раковски, А. Германов, Д. Пантелеев, З. Иванов, Ст. Пенчева, Ат. Звездинов. - Истинското име на прев. Радой Ралин е Димитър Стефанов Стоянов, на Александър Муратов - Христо Мотов Мишев, на В. Петров - Валери Нисим Меворах, на В. Свинтила - Владимир Георгиев Николов, а на Ат. Звездинов - Атанас Василев Атанасов ; Пълното име на прев. М. Ганчев е Марко Ганчев Маринов, на Д. Пантелеев - Димитър Пантелеев Менкаджиев, а на А. Александрова - Ана Александрова Антонова
600 14 - Име на лице, използвано като предмет
За него / За нея Димитров, Георги Михайлов
9 (RLIN) 377866
700 1# - Други автори (авторска отговорност)
Лично име Хинкова, Василка Маринова
Автороска отговорност (Описва отношението между автора и произведението) ред. кол.
9 (RLIN) 383788
700 1# - Други автори (авторска отговорност)
Лично име Ралин, Радой
Автороска отговорност (Описва отношението между автора и произведението) прев.
Друга информация Стоянов, Димитър Стефанов
9 (RLIN) 364208
700 1# - Други автори (авторска отговорност)
Лично име Недялков, Георги Иванов
Автороска отговорност (Описва отношението между автора и произведението) рис.
9 (RLIN) 379333
852 ## - Местоположение
Форматна сигнатура Цб 107843
Фондова буква Хранилище
856 4# - Електронен адрес и достъп
Електронен формат pdf - файл
Инструкция (цена за достъп) 0.00
Права за достъп disable
856 4# - Електронен адрес и достъп
Електронен формат pdf - файл
Инструкция (цена за достъп) 0.00
Права за достъп disable
999 ## - СИСТЕМНИ КОНТРОЛНИ НОМЕРА
Koha biblionumber 181077
Koha biblioitemnumber 181077
942 ## - АРТИКУЛИ
Вид на библиотечния материал Книги
Скрит в OPAC Не
Периодичен библиозапис Да
944 ## - СЪЗДАВАНЕ И РЕДАКЦИЯ на ЗАПИСА
Създаване/Редакция Създаване
Дата на регистрацията/редакция 22.08.2016
Служител, извършил регистрацията/редакцията Теодора_Стоянова
944 ## - СЪЗДАВАНЕ И РЕДАКЦИЯ на ЗАПИСА
Създаване/Редакция Редакция
Дата на регистрацията/редакция 22.08.2016
Служител, извършил регистрацията/редакцията Теодора_Стоянова
944 ## - СЪЗДАВАНЕ И РЕДАКЦИЯ на ЗАПИСА
Създаване/Редакция Редакция
Дата на регистрацията/редакция 2022-12-16
Служител, извършил регистрацията/редакцията Микаела Микова-Илиева
999 ## - СИСТЕМНИ КОНТРОЛНИ НОМЕРА
Koha biblioitemnumber 181077
Наличности
Код за отписване Код за изгубен артикул Източник на класификационната схема Код за повреда Коз за рестрикции Код за отдаване Артикулен № Име на библиотеката - собственик Име на библиотеката, в която се намира в момента Статус (Текущо местоположение) Дата на вписване в системата Местоположение - отдел Цена в лева Инвентарен номер Систематично азбучна сигнатура Баркод Номер на екземпляра Цена в евро Служебна бележка Служебен тип на артикула
  Не е изгубен Universal Decimal Classification Не е повреден само за читалня ползва се в читалня 310108 Регионална библиотека "Любен Каравелов" Русе Регионална библиотека "Любен Каравелов" Русе Хранилище 1981-01-01 Хранилище 1.00 323616 Цб 107843 120000323616 1 0.51 Вид: Сф Дата: 01.01.1981 Книги
Изтеглен Не е изгубен Universal Decimal Classification Не е повреден без рестрикции заемане за дома 310109 Регионална библиотека "Любен Каравелов" Русе Регионална библиотека "Любен Каравелов" Русе Заемна - подръчен фонд 1981-01-01 Заемна - подръчен фонд 1.00 324132 П 820/899-1/В 11 324132 2 0.51 Вид: Сф Дата: 01.01.1981 Книги
Изтеглен Не е изгубен Universal Decimal Classification Не е повреден без рестрикции заемане за дома 310110 Регионална библиотека "Любен Каравелов" Русе Регионална библиотека "Любен Каравелов" Русе Заемна - подръчен фонд 1981-01-01 Заемна - подръчен фонд 1.00 324134 П 820/899-1/В 11 324134 3 0.51 Вид: Сф Дата: 01.01.1981 Книги
Vip Innovations Ltd, Rousse, Bulgaria 2025